Carregant...

സ൪ഗ്ഗാത്മകതയുടെ ശ്രുതിഭേദങ്ങള്‍

Dades bibliogràfiques
Autors principals: ബാലാനന്ദ൯ ബി തേക്കുംമൂട്, Balanandan B Thekkummoodu
Format: Printed Book
Publicat: Trivandrum; Souparnika Publications; 2010
Edició:1st
Matèries:
LEADER 00814nam a22001817a 4500
082 |a 894.M4  |b BAL/S Q0 
100 |a ബാലാനന്ദ൯ ബി തേക്കുംമൂട്   |9 96239 
100 |a Balanandan B Thekkummoodu  |9 96240 
240 |a Sargathmathayude Sruthibhedangal 
245 |a സ൪ഗ്ഗാത്മകതയുടെ ശ്രുതിഭേദങ്ങള്‍ 
250 |a 1st 
260 |a Trivandrum;  |b Souparnika Publications;  |c 2010 
300 |a xii; 200p. 
650 |a മലയാളം; ഉപന്യാസങ്ങള്‍  |9 281729 
650 |a Malayalam; Essays  |9 281730 
942 |c BK 
999 |c 51654  |d 51654 
952 |0 0  |1 0  |4 0  |6 894_000000000000000_M4_BAL_S_Q0  |7 0  |8 ESS  |9 61136  |a MAL  |b MAL  |d 2016-04-12  |e CR-236  |g 200.00  |l 0  |o 894.M4 BAL/S Q0  |p MALCR-000236  |r 2016-04-12  |t 1  |w 2016-04-12  |y BK